000 00668nam a2200229Ia 4500
001 17075
003 GE_BSU
008 181216s||||||||xx |||||||||||||| ||und||
040 _cGE_BSU
080 _a821.353.1-1
100 _aაბაშიძე, გ.
245 _aასფურცელა. [ლექსები]. 1934-1940.
245 _bლექსები
245 _cპ/მგ.რედ.კ.ბობოხიძე
260 _aთბილისი
260 _bსახელგამი
260 _c1940
300 _a111გვ. ; 16სმ
653 _aასფურცელა
653 _aლექსები
942 _cBK
999 _c50137
_d50137